[Event "St Petersburg Korchnoi Memorial op"]
[Site "St Petersburg"]
[Date "2018.08.22"]
[Round "8"]
[White "Ismagilov, Igor"]
[Black "Tran, Minh Thang"]
[Result "1/2-1/2"]
[WhiteElo "1881"]
[BlackElo "2335"]
[PlyCount "157"]
[EventDate "2018.08.15"]
[EventType "swiss"]
[EventRounds "9"]
[EventCountry "RUS"]
[SourceTitle "CBM 186 Extra"]
[Source "ChessBase"]
[SourceDate "2018.08.24"]
[SourceVersion "1"]
[SourceVersionDate "2018.08.24"]
[SourceQuality "1"]

1. d4 Nf6 2. Nf3 b6 3. Bg5 Bb7 4. Nbd2 e6 5. c3 Be7 6. e3 0-0 7. Bd3 d6 8. 0-0 Nbd7 9. e4 h6 10. Bh4 e5 11. Qe2 Re8 12. dxe5 dxe5 13. Bg3 Nc5 14. Bc2 Bd6 15. b4 Ba6 16. Nc4 Ncd7 17. Bd3 Bb7 18. Nxd6 cxd6 19. c4 Qe7 20. a3 Nb8 21. c5 dxc5 22. bxc5 Qxc5 23. Rfc1 Qd6 24. Bb5 Nbd7 25. Rd1 Qe6 26. Qa2 Qxa2 27. Rxa2 Re7 28. Rad2 Nc5 29. Bxe5 Nfxe4 30. Rd8+ Rxd8 31. Rxd8+ Kh7 32. Re8 Rxe8 33. Bxe8 Kg8 34. Bb8 a6 35. Ne5 Bd5 36. Nd7 Nxd7 37. Bxd7 Bb7 38. Bf5 Nf6 39. Bd6 g6 40. Bd3 Nd7 41. f3 Kg7 42. Kf2 Kf6 43. Bc4 b5 44. Bb3 g5 45. Ke3 h5 46. g3 Kg6 47. f4 g4 48. f5+ Kxf5 49. Bxf7 Ne5 50. Bxe5 Kxe5 51. Bxh5 Bc8 52. Bf7 a5 53. Kd3 Bd7 54. Bb3 Bf5+ 55. Kc3 Be6 56. Bc2 Kd5 57. Bb3+ Kd6 58. Bc2 Kc5 59. Bd1 Kd5 60. Be2 Bd7 61. Bd3 Ke5 62. Bc2 Bf5 63. Bd1 Bd7 64. Bc2 Kd5 65. Bd3 Kc5 66. Be2 Bf5 67. Bf1 Be6 68. Be2 Bd7 69. Bd1 Bf5 70. Be2 Be6 71. Bd1 Bc8 72. Be2 Bf5 73. Bd1 Be6 74. Be2 b4+ 75. axb4+ axb4+ 76. Kb2 Kd4 77. Bd1 Kd3 78. Bxg4 Bxg4 79. Kb3 1/2-1/2

[Event "St Petersburg Korchnoi Memorial op"]
[Site "St Petersburg"]
[Date "2018.08.19"]
[Round "5"]
[White "Martynyuk, Elizaveta"]
[Black "Ismagilov, Igor"]
[Result "0-1"]
[WhiteElo "2090"]
[BlackElo "1881"]
[PlyCount "78"]
[EventDate "2018.08.15"]
[EventType "swiss"]
[EventRounds "9"]
[EventCountry "RUS"]
[SourceTitle "CBM 186 Extra"]
[Source "ChessBase"]
[SourceDate "2018.08.24"]
[SourceVersion "1"]
[SourceVersionDate "2018.08.24"]
[SourceQuality "1"]

1. e4 c5 2. Nf3 Nc6 3. d4 cxd4 4. Nxd4 Nf6 5. Nc3 e6 6. Nxc6 bxc6 7. e5 Nd5 8. Ne4 Qc7 9. f4 Qb6 10. c4 Bb4+ 11. Bd2 Qe3+ 12. Qe2 Bxd2+ 13. Nxd2 Qxe2+ 14. Bxe2 Nxf4 15. c5 Nxg2+ 16. Kf2 Nf4 17. Nc4 Nxe2 18. Nd6+ Ke7 19. Kxe2 Ba6+ 20. Kd2 f6 21. Rhg1 Rhg8 22. Rg3 fxe5 23. Rag1 g6 24. h4 Rgf8 25. h5 Rf2+ 26. Kc3 Raf8 27. hxg6 hxg6 28. b3 R8f3+ 29. Kb4 Rf4+ 30. Kc3 R4f3+ 31. Kb4 Rf4+ 32. Kc3 R2f3+ 33. Rxf3 Rxf3+ 34. Kb4 e4 35. Rxg6 e3 36. Rg7+ Kf8 37. Rg4 e2 38. Re4 Rf1 39. Ka5 Bd3 0-1

[Event "St Petersburg Korchnoi Memorial op"]
[Site "St Petersburg"]
[Date "2018.08.15"]
[Round "1"]
[White "Malyshev, Grigory"]
[Black "Ismagilov, Igor"]
[Result "1-0"]
[WhiteElo "2339"]
[BlackElo "1881"]
[PlyCount "73"]
[EventDate "2018.08.15"]
[EventType "swiss"]
[EventRounds "9"]
[EventCountry "RUS"]
[SourceTitle "CBM 186 Extra"]
[Source "ChessBase"]
[SourceDate "2018.08.24"]
[SourceVersion "1"]
[SourceVersionDate "2018.08.24"]
[SourceQuality "1"]

1. d4 c5 2. d5 g6 3. c4 Bg7 4. Nf3 d6 5. g3 e6 6. Bg2 Ne7 7. 0-0 0-0 8. Nc3 e5 9. e4 h6 10. Ne1 g5 11. Nd3 Ng6 12. Qe2 Nd7 13. a4 Nb6 14. b3 a5 15. Bb2 Qe7 16. Rae1 Bd7 17. Nd1 Qd8 18. Ne3 f6 19. f4 Qc8 20. Bc3 gxf4 21. gxf4 Nh4 22. f5 Nxg2 23. Nxg2 Qd8 24. Kh1 Be8 25. Rg1 Kh7 26. Nh4 Rg8 27. Rg3 Bf7 28. Reg1 Nd7 29. Bd2 Bf8 30. Rxg8 Bxg8 31. Qg2 Bf7 32. Nf2 Qe7 33. Ng4 h5 34. Nf2 Bh6 35. Ng6 Qe8 36. Bxh6 Kxh6 37. Nxe5 1-0

[Event "Chigorin Memorial 25th"]
[Site "St Petersburg"]
[Date "2017.10.27"]
[Round "7"]
[White "Ismagilov, Igor"]
[Black "Kiseleva, Arina"]
[Result "1-0"]
[WhiteElo "1720"]
[BlackElo "2038"]
[PlyCount "85"]
[EventDate "2017.10.21"]
[EventType "swiss"]
[EventRounds "9"]
[EventCountry "RUS"]
[SourceTitle "CBM 181 Extra"]
[Source "ChessBase"]
[SourceDate "2017.12.12"]
[SourceVersion "1"]
[SourceVersionDate "2017.12.12"]
[SourceQuality "1"]

1. d4 Nf6 2. Nf3 c5 3. c3 b6 4. Bg5 Bb7 5. e3 Ne4 6. Bh4 d6 7. Bc4 Nd7 8. Qb3 d5 9. Bxd5 Bxd5 10. Qxd5 Nef6 11. Qb3 h6 12. 0-0 g5 13. Bg3 Ne4 14. Ne5 Nxe5 15. dxe5 Nxg3 16. hxg3 Qd7 17. Rd1 Qc6 18. Na3 Bg7 19. Rd5 0-0 20. Qc4 a6 21. Rad1 Kh8 22. Qg4 Rg8 23. Qd7 Qxd7 24. Rxd7 Rge8 25. f4 f6 26. e6 gxf4 27. gxf4 f5 28. R1d5 Bf6 29. Rxf5 Rg8 30. e4 Rg4 31. e5 Bh4 32. Nc4 Kh7 33. Rf7+ Kg6 34. Ne3 Rg3 35. Nf5 Rg4 36. Nxh4+ Rxh4 37. Rdxe7 Kh5 38. g3 Rg4 39. Rg7 b5 40. Ref7 Rxg7 41. Rxg7 b4 42. Kh2 bxc3 43. Kh3 1-0